01298nam a2200325Ia 4500001001200000003000800012006001900020007001500039008004100054010001700095020002500112020002200137040002100159035002100180050002400201082001400225100001900239245012800258260005300386300003400439490003700473500002000510533015200530650004300682650003700725655002900762710001700791830003800808856012600846ebr10185722CaPaEBRm u cr cn|||||||||040608s2007 maua s 001 0 eng d z 2004108526 z9781592005437 (pbk.) z1592005438 (pbk.) aCaPaEBRcCaPaEBR a(OCoLC)60773496114aTR267b.S237 2007eb04a778.62221 aSaffir, David.10aMastering digital colorh[electronic resource] :ba photographer's and artist's guide to controlling color /cDavid Saffir. aBoston, MA :bThomson/Course Technology,cc2007. ax, 258 p. :bill (some col.).1 aDigital process and print series aIncludes index. aElectronic reproduction.bPalo Alto, Calif. :cebrary,d2009.nAvailable via World Wide Web.nAccess may be limited to ebrary affiliated libraries. 0aColor photographyxDigital techniques. 0aPhotographyxDigital techniques. 7aElectronic books.2local2 aebrary, Inc. 0aDigital process and print series.40uhttp://site.ebrary.com/lib/rucke/Doc?id=10185722zAn electronic book accessible through the World Wide Web; click to view